Представление документа в формате RUSMARC

ПолеНазваниеЗначение
  Тип записи a
  Библиографический уровень m
001 Контрольный номер 30828d39d377471c8932b2f6ed7ccbf2
005 Дата корректировки 20140620091100.9
010 Индекс ISBN __
a ISBN 5-8041-0161-7
200 Заглавие и сведения об ответственности 1_
a Заглавие Судебная бухгалтерия
e Сведения, относящиеся к заглавию учеб.-практ.пособие
f Первые сведения об ответственности Е.С.Дубоносов
210 Выходные данные 1_
a Место издания М.
c Издательство Кн.мир
d Дата издания 2004
215 Физическое описание __
a Объем 251 с.
225 Серия 2_
a Серия Высшая школа
300 Общие примечания __
a Общие примечания гриф МО
610 Ключевые слова 0_
a Ключевые слова судебная бухгалтерия
610 Ключевые слова 0_
a Ключевые слова бухгалтерские документы
610 Ключевые слова 0_
a Ключевые слова документооборот
610 Ключевые слова 0_
a Ключевые слова инвентаризация
610 Ключевые слова 0_
a Ключевые слова ревизии
610 Ключевые слова 0_
a Ключевые слова судебно-бухгалтерская экспертиза
610 Ключевые слова 0_
a Ключевые слова документальные проверки
610 Ключевые слова 0_
a Ключевые слова учеб.-практ.пособие
610 Ключевые слова 0_
a Ключевые слова гриф МО
686 Индексы других классификаций __
a Классификационный индекс 67.629.341.3
2 Код системы rubbk
700 Автор _1
a Фамилия Дубоносов, Е.С.
801 Источник записи _0
a Страна RU
b Организация РУК
c Дата составления 20040929
g Правила каталогизации PSBO
801 Источник записи _1
a Страна RU
b Организация РУК
c Дата составления 20040929
g Правила каталогизации PSBO
852 Данные о местонахождении __
i Авторский знак Д 79
j Шифр хранения ББК 67
901 Тип документа __
t Тип документа m
938 Служебная информация __
a Название организации Головной вуз
b Имя БД BOOK
c Название АИБС АИБС ИРБИС
952 Тип литературы __
b Гриф литературы для ВШ гриф МО